Europe Flags Map Quiz - 60 minutes - Statistics

General Stats
  • This quiz has been taken 22 times
  • The average score is 37 of 45
Answers on the Map
Answers color-coded by a green-red scale on the quiz's map according to % correct below.
 
Answer Stats
Answer % Correct
24e298df9d-235.webp
United Kingdom
100%
60ef9c4254-235.webp
Belgium
86%
6ea84adf32-235.webp
Croatia
86%
74bf8a3cd8-235.webp
Sweden
86%
7e7c48df12-235.webp
Germany
86%
7f7f052b8b-235.webp
Czech Republic
86%
8c9682de32-235.webp
Kosovo
86%
93358c24a7-235.webp
France
86%
a17151058d-235.webp
Russia
86%
a8388317b7-235.webp
Norway
86%
a874490343-235.webp
Ukraine
86%
b038c78543-235.webp
Denmark
86%
b4e2ecaeb7-235.webp
Iceland
86%
c0c43a6a0a-235.webp
Albania
86%
d590cc7b3c-235.webp
Netherlands
86%
d9499114ed-235.webp
Hungary
86%
dfe54b9543-235.webp
Italy
86%
e5e299050e-235.webp
Switzerland
86%
e7e5b84126-235.webp
Greece
86%
ef8ccd0f4d-235.webp
Portugal
86%
f8cfcf4610-235.webp
Ireland
86%
fc49eab193-235.webp
Poland
86%
034b9939b9-235.webp
Serbia
79%
2a7d5a61cb-235.webp
Macedonia
79%
2ad475cf36-235.webp
Romania
79%
5d80198e9d-235.webp
Malta
79%
5f2239be46-235.webp
Slovenia
79%
696d422819-235.webp
Slovakia
79%
7bacaa8dcf-235.webp
Bosnia and Herzegovina
79%
8bd661508f-235.webp
Estonia
79%
a6dd7a3e26-235.webp
San Marino
79%
af679f67b4-235.webp
Liechtenstein
79%
bfb71d49c5-235.webp
Latvia
79%
c517051699-235.webp
Spain
79%
c60ff224ef-235.webp
Monaco
79%
ca3ae307e6-235.webp
Andorra
79%
e47aeda59a-235.webp
Belarus
79%
ef84ea6851-235.webp
Luxembourg
79%
f21aad0de6-235.webp
Finland
79%
474b1df681-235.webp
Vatican City
71%
4fd211fcad-235.webp
Bulgaria
71%
a370803825-235.webp
Austria
71%
a91c41bd9a-235.webp
Montenegro
71%
d2d3d5de8c-235.webp
Moldova
71%
df294036df-235.webp
Lithuania
71%
No matching quizzes found
Score Distribution
Percent of People with Each Score
Percentile by Number Answered
Your Score History
You have not taken this quiz